000 00180 a2200097 4500
020 _a043947146x
041 _aeng
100 _adawn Apperley
245 _aFlip and Flop
942 _cK
999 _c30286
_d30284